Vista normal Vista MARC

Entrada Corporate Name

Número de registros utilizados en: 1

001 - CONTROL NUMBER

  • control field: 40951

003 - CONTROL NUMBER IDENTIFIER

  • control field: OSt

005 - DATE AND TIME OF LATEST TRANSACTION

  • control field: 20211006100625.0

008 - FIXED-LENGTH DATA ELEMENTS

  • fixed length control field: 211006|| aca||aabn | a|a d

040 ## - CATALOGING SOURCE

  • Original cataloging agency: OSt
  • Transcribing agency: OSt

110 ## - HEADING--CORPORATE NAME

  • Corporate name or jurisdiction name as entry element: Comisión de ajuste de la institucionalidad cafetera

670 ## - SOURCE DATA FOUND

  • Source citation: Work cat.: (OSt)12639: Comisión de ajuste de la institucionalidad cafetera, El café , capital social estratégico : , 2002.